Movies Quiz

Random Movies Quiz

Susan Sarandon Movies (Slideshow) Quiz Stats

Quiz not verified by Sporcle

Also try: Elephants On Film
Challenge
Share
Tweet
Score 0/25 Timer 10:00
0 Plays Today
% Correct
Thelma & Louise
97.6%
Dead Man Walking
81%
The Rocky Horror Picture Show
79.8%
Little Women
75%
Bull Durham
69%
Stepmom
69%
The Witches of Eastwick
67.9%
The Client
65.5%
James and the Giant Peach
56%
Enchanted
51.2%
The Banger Sisters
46.4%
Tammy
44%
Shall We Dance
40.5%
% Correct
The Hunger
29.8%
Cats & Dogs
26.2%
Cloud Atlas
25%
Arbitrage
21.4%
The January Man
17.9%
The Meddler
16.7%
Mr. Woodcock
14.3%
Solitary Man
14.3%
Wall Street: Money Never Sleeps
13.1%
The Last of Robin Hood
11.9%
The Calling
11.9%
Irresistible
11.9%

You're not logged in!

Compare scores with friends on all Sporcle quizzes.
Sign Up with Email
OR
Log In

You Might Also Like...

Show Comments

Extras

Top Quizzes Today


Score Distribution

Your Account Isn't Verified!

In order to create a playlist on Sporcle, you need to verify the email address you used during registration. Go to your Sporcle Settings to finish the process.